[Event "Cali op-C"]
[Site "Cali"]
[Date "2008.12.26"]
[Round "2"]
[White "Dabraccio, Guillermo"]
[Black "Suarez, Alexandra"]
[Result "1-0"]
[WhiteElo "1668"]
[BlackElo "1551"]
[PlyCount "75"]
[EventDate "2008.12.26"]
[EventType "swiss"]
[EventRounds "9"]
[EventCountry "COL"]
[SourceTitle "EXT 2011"]
[Source "ChessBase"]
[SourceDate "2010.11.26"]
[SourceVersion "1"]
[SourceVersionDate "2010.11.26"]
[SourceQuality "1"]

1. c4 g6 2. Nf3 Bg7 3. d4 d6 4. Nc3 c6 5. e4 e6 6. Bg5 Ne7 7. Bd3 0-0 8. Qc2 f6 9. Be3 Nd7 10. 0-0 e5 11. Rad1 Qc7 12. c5 Kh8 13. cxd6 Qxd6 14. d5 Qb8 15. dxc6 bxc6 16. Na4 Bb7 17. Bc4 Qc7 18. Rd2 Rfd8 19. Rfd1 Nf8 20. Nc5 Rxd2 21. Qxd2 Bc8 22. Ne1 f5 23. Qd8 Qxd8 24. Rxd8 f4 25. Bd2 h6 26. Bc3 Kh7 27. Ned3 g5 28. Bxe5 Neg6 29. Bxg7 Kxg7 30. e5 Ne7 31. Ne4 Bb7 32. Rd6 Nf5 33. Rf6 c5 34. Rf7+ Kg6 35. Rxb7 Rd8 36. Bf7+ Kh7 37. Nf6+ Kh8 38. Ne1 1-0